00577cam a22002051 4500001001300000003000400013005001700017008004100034010001700075035002000092040004100112042001200153050002000165100003100185245003900216260003900255300001900294440004300313999001500356af 48003825 DLC20260227110904.0890322s1943 gw 000 1 ger c aaf 48003825  a(OCoLC)19415815 aCalifornia. Univ. Libr.cCUdCUdDLC apremarc00aPT2603.A85bG651 aBaumgarten, Harald,d1890-14aDer Grillenpfiff,bKriminal-Roman. aBerlin,bAufwärts-Verlagc[1943] a239 p.c19 cm. 4aDer Aufwärts-Kriminal-Roman,vBd. 29 c5788d5788